Manual of mineralogy / (Record no. 41625)
[ view plain ]
| 000 -LEADER | |
|---|---|
| fixed length control field | 00857cam a2200277 a 4500 |
| 001 - CONTROL NUMBER | |
| control field | 41625 |
| 003 - CONTROL NUMBER IDENTIFIER | |
| rucl marc code | BD-RjUL |
| 005 - DATE AND TIME OF LATEST TRANSACTION | |
| control field | 20211209053425.0 |
| 008 - FIXED-LENGTH DATA ELEMENTS--GENERAL INFORMATION | |
| fixed length control field | 160604s1940 nyua 001 0 eng d |
| 020 ## - INTERNATIONAL STANDARD BOOK NUMBER | |
| International Standard Book Number | 0471422258 |
| 035 ## - SYSTEM CONTROL NUMBER | |
| System control number | (BD-RjUL)41743 |
| 040 ## - CATALOGING SOURCE | |
| Original cataloging agency | DLC |
| Transcribing agency | DLC |
| Modifying agency | DLC |
| -- | (BD-RjUL) |
| Language of cataloging | eng |
| 041 ## - LANGUAGE CODE | |
| Language code of text/sound track or separate title | eng |
| 082 00 - DEWEY DECIMAL CLASSIFICATION NUMBER | |
| Classification number | 549 |
| Author mark and year | DAM 1959 |
| Edition number | 23 |
| 100 1# - MAIN ENTRY--PERSONAL NAME | |
| Personal name | Dana, James Dwight, |
| Dates associated with a name | 1813-1895. |
| 9 (RLIN) | 34650 |
| 245 00 - TITLE STATEMENT | |
| Title | Manual of mineralogy / |
| Statement of responsibility, etc. | By James D. Dana , Cornelis Klein and Cornelius S. hurlbut Jr |
| 250 ## - EDITION STATEMENT | |
| Edition statement | 18th ed., |
| 260 ## - PUBLICATION, DISTRIBUTION, ETC. (IMPRINT) | |
| Place of publication, distribution, etc. | New Delhi : |
| Name of publisher, distributor, etc. | Wiley , |
| Date of publication, distribution, etc. | 1959 |
| 300 ## - PHYSICAL DESCRIPTION | |
| Pagination | ix, 578 p. : |
| Illustrations | illus. ; |
| Size | 24 cm. |
| 504 ## - BIBLIOGRAPHY, ETC. NOTE | |
| Bibliography, etc | Includes Index |
| 650 #0 - SUBJECT ADDED ENTRY--TOPICAL TERM | |
| Topical term or geographic name as entry element | Mineralogy. |
| 9 (RLIN) | 34651 |
| 700 1# - ADDED ENTRY--PERSONAL NAME | |
| Personal name | Hurlbut, Cornelius S. |
| Fuller form of name | (Cornelius Searle), |
| Dates associated with a name | 1906-2005, |
| Relator term | ed. |
| Personal name | Klein,Cornelis |
| 942 ## - ADDED ENTRY ELEMENTS (KOHA) | |
| Source of classification or shelving scheme | Dewey Decimal Classification |
| Koha item type | Books |
| Lost status | Source of classification or shelving scheme | Damaged status | Not for loan | Collection code | Permanent Location | Current Location | Shelving location | Date acquired | Source of acquisition | Total Checkouts | Full call number | Date last seen | Date checked out | Copy number | Koha item type |
|---|---|---|---|---|---|---|---|---|---|---|---|---|---|---|---|
| Dewey Decimal Classification | Non-fiction | Central Library, University of Rajshahi | Central Library, University of Rajshahi | 09/06/1977 | W.U.S | 2 | 549 DAM 1959 | 10/12/2017 | 30/11/2017 | C-2 | Books | ||||
| Dewey Decimal Classification | Not For Loan | Non-fiction | Central Library, University of Rajshahi | Central Library, University of Rajshahi | Reading Room | 09/06/1977 | W.U.S | 549 DAM 1959 | 20/04/2017 | C-1 | Books |